000 00963nam a22002897a 4500
003 CHAP
005 20220817044511.0
008 121101s2000 mx r 00010 spa d
010 _a102607
011 _a103579
035 _a114268
040 _cCHAP
082 0 4 _a305.563
_bUa2
110 2 _aUniversidad Autónoma del Estado de Morelos
_9116367
245 1 4 _aLas hojas de la comunidad 1999
_c/por Universidad Autónoma del Estado de Morelos
260 _aCuernavaca, Mor. :
_bUnidad Central de Estudios Para el Desarrollo Social,
_c2000
300 _a404 p.
590 _aBATCH-UPD
_b10
_c20130110
_lUCH01
_h0959
590 _aCONVERSION
_b10
_c20130109
_lUCH01
_h1356
650 1 4 _aAgricultura
_xTrabajadores.
_91840
650 1 4 _aDesarrollo social.
650 1 4 _aServicio social.
_9105316
650 1 4 _aTrabajadores migratorios.
_9114475
901 _aBK
942 _cLIBRO
949 _a305.563 Ua2
_bBC
_cLIBRO
_d33724002314900
_eLIBRO
_h116151
_i114268
_sb
999 _c102607
_d102607